La ciudad hispánica durante los siglos XIII al XVI (Record no. 44234)

MARC details
000 -LEADER
campo de control de longitud fija 00592nam a2200145 i 4500
001 - NÚMERO DE CONTROL
campo de control 44234
003 - IDENTIFICADOR DE NÚMERO DE CONTROL
campo de control ES-MaACL
007 - CAMPO FIJO DE DESCRIPCIÓN FÍSICA--INFORMACIÓN GENERAL
campo de control de longitud fija t|
008 - DATOS DE LONGITUD FIJA--INFORMACIÓN GENERAL
campo de control de longitud fija 030320s1999 sp ||||1| spa d
111 2# - ENTRADA PRINCIPAL--NOMBRE DE CONGRESO/REUNIÓN
Nombre de congreso/reunión o jurisdicción como elemento de entrada La ciudad hispánica durante los siglos XIII al XVI.
Nombre de parte o sección de la obra Coloquio. 1º (
Fecha del congreso o de la firma del tratado 1981.
Sede del congreso/Lugar de la reunión La Rábida y Sevilla)
9 (RLIN) 908
245 13 - MENCIÓN DEL TÍTULO
Título La ciudad hispánica durante los siglos XIII al XVI
Resto del título : actas del coloquio celebrado en la Rábida y Sevilla del 14 al 19 de septiembre de 1981.
260 ## - PUBLICACIÓN, DISTRIBUCIÓN, ETC.
Lugar de publicación, distribución, etc. Madrid :
Nombre del editor, distribuidor, etc. Universidad Complutense,
Fecha de publicación, distribución, etc. 1985.
300 ## - DESCRIPCIÓN FÍSICA
Extensión 2 v. :
Otras características físicas il. ;
Dimensiones 24 cm.
852 ## - LOCALIZACIÓN
Ubicación ES-MaACL
Número de control de estantería L-8126-7
Sublocalización o colección R.108488
Holdings
Estatus retirado Estado de pérdida Estado de daño No para préstamo Biblioteca de origen Biblioteca actual Ubicación en estantería Fecha de adquisición Fuente de adquisición Total de préstamos Signatura topográfica completa Código de barras Visto por última vez Precio de reemplazo Tipo de ítem Koha
        Biblioteca del Ateneo de Madrid Biblioteca del Ateneo de Madrid Depósito 2 17/01/2008     L-8126-7 1046553 23/02/2023 23/02/2023 Libro impreso